[Event "London Classic - FIDE Open"]
[Site "Olympia"]
[Date "2009.12.08"]
[Round "1"]
[White "Golebiowski, Adam"]
[Black "Britton, Richard L"]
[Result "0-1"]
[WhiteElo "1925"]
[BlackElo "2254"]
[PlyCount "72"]
[EventDate "2009.??.??"]

1. d4 Nf6 2. Nf3 g6 3. c4 Bg7 4. Nc3 O-O 5. e4 d6 6. Be2 e5 7. d5 Nbd7 8. h4
Nc5 9. Nd2 h5 10. f3 Nh7 11. g4 Bf6 12. g5 Be7 13. Nb3 Nxb3 14. axb3 f6 15.
gxf6 Bxf6 16. Be3 Bxh4+ 17. Kd2 Bg5 18. Qg1 Qf6 19. Nb5 Rf7 20. Qg2 Bxe3+ 21.
Kxe3 Rg7 22. Rag1 a6 23. Nc3 Bd7 24. Kd3 Nf8 25. Nd1 g5 26. Kc2 h4 27. Nf2 Nh7
28. Nd3 c6 29. dxc6 bxc6 30. Ra1 Nf8 31. c5 Ne6 32. b4 Nd4+ 33. Kc3 d5 34. Qh2
dxe4 35. fxe4 g4 36. Bd1 g3 0-1

[Event "London Classic - FIDE Open"]
[Site "Olympia"]
[Date "2009.12.08"]
[Round "1"]
[White "Coleman, David J"]
[Black "De Lagontrie, Jean"]
[Result "1-0"]
[WhiteElo "2244"]
[BlackElo "1855"]
[PlyCount "55"]
[EventDate "2009.??.??"]

1. e4 c5 2. Nf3 Nc6 3. d4 cxd4 4. Nxd4 Nf6 5. Nc3 e5 6. Ndb5 d6 7. Bg5 a6 8.
Na3 b5 9. Bxf6 gxf6 10. Nd5 f5 11. exf5 Bxf5 12. c3 Bg7 13. Nc2 O-O 14. Nce3
Be6 15. g4 Ne7 16. Bg2 Nxd5 17. Bxd5 Rc8 18. Rg1 Kh8 19. g5 Bxd5 20. Nxd5 Rc5
21. Qd2 a5 22. Rg3 Qa8 23. Rd1 e4 24. Rh3 Qd8 25. Qf4 Qc8 26. Rxh7+ Kxh7 27.
Qh4+ Kg8 28. Ne7# 1-0

[Event "London Classic - FIDE Open"]
[Site "Olympia"]
[Date "2009.12.08"]
[Round "1"]
[White "Reutimann, Hans Peter"]
[Black "Taylor, Peter P"]
[Result "0-1"]
[WhiteElo "1853"]
[BlackElo "2221"]
[PlyCount "50"]
[EventDate "2009.??.??"]

1. d4 Nf6 2. Nf3 e6 3. Bf4 c5 4. e3 Nc6 5. Nc3 cxd4 6. exd4 Bb4 7. a3 Bxc3+ 8.
bxc3 d6 9. Bd3 O-O 10. O-O Re8 11. Re1 b6 12. Bg5 Bb7 13. d5 Na5 14. Bb5 Re7
15. Bxf6 gxf6 16. Qd4 Bxd5 17. Nh4 Rc7 18. Qg4+ Kh8 19. Re3 Bc4 20. Rg3 Qf8 21.
Bxc4 Rxc4 22. Qh5 Rc5 23. Qe2 Rac8 24. Rh3 Rxc3 25. g3 Rxc2 0-1

[Event "London Classic - FIDE Open"]
[Site "Olympia"]
[Date "2009.12.08"]
[Round "1"]
[White "Roberson, Peter T"]
[Black "Bishop, Geoffrey L"]
[Result "1-0"]
[WhiteElo "2236"]
[BlackElo "1839"]
[PlyCount "79"]
[EventDate "2009.??.??"]

1. e4 Nf6 2. e5 Nd5 3. d4 d6 4. c4 Nb6 5. exd6 cxd6 6. Nc3 Nc6 7. d5 Ne5 8. Be3
g6 9. Bd4 Bh6 10. g3 O-O 11. b3 Bg4 12. f3 Bf5 13. Be2 Bg7 14. Kf1 h5 15. h3 e6
16. f4 exd5 17. cxd5 Nxd5 18. Nxd5 Be4 19. Rh2 Bxd5 20. fxe5 dxe5 21. Bb2 Qa5
22. Bf3 Rad8 23. Bxd5 Rxd5 24. Qe1 Qa6+ 25. Qe2 Rd3 26. Re1 Bh6 27. Rf2 Rfd8
28. Bxe5 Re8 29. Rf3 Rxe5 30. Qxd3 Rxe1+ 31. Kxe1 Qxa2 32. Qd8+ Kg7 33. Qf6+
Kg8 34. Qxf7+ Kh8 35. Qe8+ Kh7 36. Rf7+ Bg7 37. Qd7 Qa1+ 38. Kf2 Qb2+ 39. Ne2
Qe5 40. Qxb7 1-0

[Event "London Classic - FIDE Open"]
[Site "Olympia"]
[Date "2009.12.08"]
[Round "1"]
[White "Gandolfi, Gianfranco"]
[Black "Anderton, Matthew N"]
[Result "0-1"]
[WhiteElo "1830"]
[BlackElo "2232"]
[PlyCount "54"]
[EventDate "2009.??.??"]

1. e4 e6 2. d4 d5 3. Nc3 Bb4 4. e5 c5 5. Bd2 Ne7 6. Nb5 Bxd2+ 7. Qxd2 O-O 8.
dxc5 Nbc6 9. f4 f6 10. exf6 Rxf6 11. O-O-O b6 12. cxb6 Qxb6 13. Nf3 Rb8 14. c3
a6 15. Nbd4 Nxd4 16. Nxd4 Rxf4 17. g3 Rf6 18. Bg2 e5 19. Rde1 Qd6 20. Nb3 Be6
21. Rhf1 Rxf1 22. Rxf1 Nc6 23. Rd1 Rd8 24. Qg5 Rf8 25. Bxd5 Bxd5 26. c4 Nb4 27.
cxd5 Qc7+ 0-1

[Event "London Classic - FIDE Open"]
[Site "Olympia"]
[Date "2009.12.08"]
[Round "1"]
[White "Osborne, Marcus E"]
[Black "Lenier, Jude"]
[Result "1/2-1/2"]
[WhiteElo "2232"]
[BlackElo "1828"]
[PlyCount "120"]
[EventDate "2009.??.??"]

1. d4 Nf6 2. c4 c5 3. d5 e6 4. Nc3 exd5 5. cxd5 d6 6. e4 g6 7. Bf4 a6 8. Qe2
Nh5 9. Bd2 Bg7 10. g4 Nf6 11. g5 Nfd7 12. a4 O-O 13. h4 Re8 14. h5 Qe7 15. hxg6
fxg6 16. Bh3 Nf8 17. Bxc8 Rxc8 18. f3 Nbd7 19. Nh3 Rab8 20. Nf2 c4 21. a5 b5
22. axb6 Rxb6 23. Be3 Rb3 24. O-O Rcb8 25. Ng4 Rxb2 26. Qxc4 Ne5 27. Nxe5 Qxe5
28. Ne2 Rxe2 29. Qxe2 Rb2 30. f4 Rxe2 31. fxe5 Rxe3 32. e6 Rxe4 33. Rae1 Bd4+
34. Kg2 Rxe1 35. Rxe1 Nxe6 36. Rxe6 Be5 37. Re7 a5 38. Kf3 Bd4 39. Ke4 Bc5 40.
Re8+ Kf7 41. Ra8 Bb4 42. Kd3 Kg7 43. Ra7+ Kg8 44. Ra6 h5 45. gxh6 Kh7 46. Ke4
Kxh6 47. Kf3 Kg7 48. Ra7+ Kf6 49. Ra8 Kf7 50. Ke4 Kf6 51. Rf8+ Kg7 52. Rf4 Bd2
53. Rf2 Bb4 54. Kd3 Bc5 55. Rf4 Bb4 56. Rc4 Bc5 57. Ke4 Kf6 58. Kf4 Bb4 59. Re4
Kf7 60. Kg5 Bd2+ 1/2-1/2

[Event "London Classic - FIDE Open"]
[Site "Olympia"]
[Date "2009.12.08"]
[Round "1"]
[White "Shaw, Robin A"]
[Black "Stephan, Axel"]
[Result "0-1"]
[WhiteElo "1822"]
[BlackElo "2225"]
[PlyCount "84"]
[EventDate "2009.??.??"]

1. e4 c5 2. d4 cxd4 3. c3 d5 4. exd5 Qxd5 5. Nf3 Nc6 6. cxd4 e5 7. Nc3 Bb4 8.
Nxe5 Nxd4 9. Bb5+ Qxb5 10. Qxd4 Ne7 11. Bd2 Bxc3 12. Bxc3 Be6 13. a4 Qa6 14.
Rd1 Rc8 15. a5 Qb5 16. f4 Nd5 17. g3 Nxc3 18. bxc3 Qxa5 19. O-O f6 20. Rfe1 O-O
21. Ng6 hxg6 22. Rxe6 Rfd8 23. Rd6 Rxd6 24. Qxd6 Qc5+ 25. Qd4 Qxd4+ 26. cxd4
Kf7 27. Kg2 Ke7 28. Rb1 Rc7 29. Kf3 Kd6 30. Ke4 Re7+ 31. Kd3 b6 32. Rb5 Kc6 33.
Rb3 b5 34. d5+ Kc5 35. h4 Rd7 36. Ke4 f5+ 37. Kf3 b4 38. g4 a5 39. h5 fxg4+ 40.
Kxg4 gxh5+ 41. Kxh5 Rxd5+ 42. Kg6 Rd7 0-1

[Event "London Classic - FIDE Open"]
[Site "Olympia"]
[Date "2009.12.08"]
[Round "1"]
[White "Quinn, Joseph R"]
[Black "Harari, Zaki"]
[Result "0-1"]
[WhiteElo "1813"]
[BlackElo "2218"]
[PlyCount "56"]
[EventDate "2009.??.??"]

1. e4 e6 2. d4 d5 3. e5 c5 4. c3 Nc6 5. Nf3 Qb6 6. Be2 Nh6 7. Bxh6 gxh6 8. Qd2
c4 9. Qc2 Bd7 10. Nbd2 Rc8 11. Nf1 Be7 12. Ng3 f5 13. exf6 Bxf6 14. Qd2 Be7 15.
Rb1 Kd8 16. Qxh6 Kc7 17. Qf4+ Bd6 18. Qf7 Rcf8 19. Qg7 Kc8 20. O-O Qd8 21. b3
h5 22. bxc4 h4 23. c5 Bf4 24. Rxb7 Kxb7 25. Rb1+ Kc7 26. Ba6 Qe7 27. Qxe7 Nxe7
28. Ne2 Bc6 0-1

[Event "London Classic - FIDE Open"]
[Site "Olympia"]
[Date "2009.12.08"]
[Round "1"]
[White "Remmler, Hans-Peter"]
[Black "Burnham, Frank"]
[Result "1-0"]
[WhiteElo "2218"]
[BlackElo "1812"]
[PlyCount "61"]
[EventDate "2009.??.??"]

1. d4 d5 2. c4 e6 3. Nc3 Nf6 4. Nf3 Be7 5. Bf4 a6 6. e3 O-O 7. Rc1 Nbd7 8. cxd5
exd5 9. a3 b5 10. Bd3 Bb7 11. O-O c5 12. dxc5 Nxc5 13. Bb1 Rc8 14. Bf5 Ne6 15.
Nd4 Qb6 16. Be5 Nd7 17. Bg3 g6 18. Bxe6 fxe6 19. Qg4 Kf7 20. Nf3 Bf6 21. Ng5+
Bxg5 22. Qxg5 Rce8 23. Rfd1 Qd8 24. Qh6 Kg8 25. Bh4 Nf6 26. Ne4 Ng4 27. Bxd8
Nxh6 28. Nf6+ Rxf6 29. Bxf6 Kf7 30. Bg5 Nf5 31. Rc7+ 1-0

[Event "London Classic - FIDE Open"]
[Site "Olympia"]
[Date "2009.12.08"]
[Round "1"]
[White "Healeas, Simon"]
[Black "Barrett, Stephen J"]
[Result "0-1"]
[WhiteElo "1801"]
[BlackElo "2202"]
[PlyCount "60"]
[EventDate "2009.??.??"]

1. d4 Nf6 2. c4 g6 3. Nc3 Bg7 4. e4 d6 5. Nge2 O-O 6. Ng3 Nfd7 7. Be2 c5 8. d5
Na6 9. Bg5 Qa5 10. Qd2 Re8 11. O-O Nc7 12. Bh6 Bd4 13. Be3 e5 14. f4 exf4 15.
Rxf4 Be5 16. Rh4 b5 17. cxb5 a6 18. b6 Qxb6 19. Rb1 Qb7 20. Bf4 Nb5 21. Bxe5
Nxe5 22. Rf1 Nd4 23. Qh6 f5 24. exf5 Nxf5 25. Nxf5 Bxf5 26. Rxf5 gxf5 27. Qxd6
Ng6 28. Rh6 Qg7 29. Rh3 Qd4+ 30. Kh1 Qf2 0-1

[Event "London Classic - FIDE Open"]
[Site "Olympia"]
[Date "2009.12.08"]
[Round "1"]
[White "Rowe, Duane"]
[Black "Pupier, Terry"]
[Result "0-1"]
[WhiteElo "2194"]
[BlackElo "1940"]
[PlyCount "82"]
[EventDate "2009.??.??"]

1. e4 c5 2. Nc3 Nc6 3. Bb5 g6 4. Bxc6 dxc6 5. Nge2 Bg7 6. O-O Nf6 7. d3 O-O 8.
Be3 b6 9. h3 e5 10. Qd2 Ba6 11. b3 Qe7 12. a4 Rad8 13. Qc1 Nd7 14. Ng3 Rfe8 15.
Bh6 Qf8 16. Bxg7 Qxg7 17. a5 b5 18. Qe3 f6 19. Nce2 Qe7 20. f4 Nf8 21. f5 g5
22. c4 Rd7 23. Nc1 Qd6 24. Nge2 Red8 25. Ra2 Rc7 26. Rf3 Nd7 27. Rg3 Nb8 28. h4
h6 29. Qf3 Rh7 30. Qe3 Bb7 31. hxg5 hxg5 32. Rh3 Rdd7 33. Rxh7 Rxh7 34. b4 cxb4
35. Qxa7 bxc4 36. dxc4 c5 37. Rd2 Qxd2 38. Qxb8+ Kg7 39. Qxb7+ Kh6 40. Qd5 Qe1+
41. Kh2 Kg7# 0-1

[Event "London Classic - FIDE Open"]
[Site "Olympia"]
[Date "2009.12.08"]
[Round "1"]
[White "Hoffmann, Piotr"]
[Black "Hodgson, John H"]
[Result "1/2-1/2"]
[WhiteElo "1748"]
[BlackElo "2189"]
[PlyCount "37"]
[EventDate "2009.??.??"]

1. Nc3 c5 2. d4 cxd4 3. Qxd4 Nc6 4. Qh4 d5 5. e4 d4 6. Nd5 e6 7. Qxd8+ Kxd8 8.
Nf4 Nf6 9. Bd3 e5 10. Nfe2 Be6 11. Nf3 h6 12. a3 Bd6 13. Bd2 Ke7 14. Ng3 Nd7
15. O-O g5 16. h3 f6 17. c3 dxc3 18. Bxc3 h5 19. Nf5+ 1/2-1/2

[Event "London Classic - FIDE Open"]
[Site "Olympia"]
[Date "2009.12.08"]
[Round "1"]
[White "Lasinskas, Povilas"]
[Black "Tarun, Malhotra"]
[Result "1-0"]
[WhiteElo "2187"]
[BlackElo "1735"]
[PlyCount "181"]
[EventDate "2009.??.??"]

1. d4 Nf6 2. c4 g6 3. Nc3 Bg7 4. Bg5 h6 5. Bh4 d6 6. Qc2 O-O 7. Rd1 Nbd7 8. e4
e5 9. Nf3 Re8 10. Be2 b6 11. O-O g5 12. Bg3 Qe7 13. Nb5 Nf8 14. dxe5 dxe5 15.
Bxe5 Ne6 16. Bg3 Bb7 17. Nd2 a6 18. Nc3 Nd4 19. Qd3 Rad8 20. Nd5 Nxe2+ 21. Qxe2
Nxd5 22. cxd5 Bxd5 23. Qxa6 Bxe4 24. Nxe4 Rxd1 25. Rxd1 Qxe4 26. h3 Be5 27.
Bxe5 Qxe5 28. b4 Qe4 29. Qb5 Qe2 30. Qa4 b5 31. Qb3 Re7 32. Qd5 c6 33. Qb3 Kg7
34. g3 Qe6 35. Qc3+ Qf6 36. Qc2 Qg6 37. Qc5 Qf6 38. Kg2 Re6 39. a3 Qe5 40. Qc1
Qf6 41. Rd3 Qe5 42. Kh2 Qf5 43. Qd2 Rf6 44. Kg2 Re6 45. Rd4 Qe5 46. Qd3 Qe2 47.
Qc3 Qe5 48. Qd2 Qe2 49. Qxe2 Rxe2 50. Rd3 Re6 51. f4 gxf4 52. gxf4 Kf6 53. Kf3
Kf5 54. Rc3 Kg6 55. Rc5 f5 56. Rc3 Kf6 57. Kg3 Kg6 58. Kh4 Kf7 59. Kh5 Ke7 60.
Rc5 Rf6 61. Rc3 Re6 62. Rc5 Rf6 63. Re5+ Kf7 64. a4 bxa4 65. Ra5 Kg8 66. Rxa4
Kh8 67. Ra6 Kg7 68. Ra7+ Kg8 69. Re7 Kh8 70. Re5 Kg7 71. Rc5 Kh8 72. Kh4 Kg7
73. Kg3 Kg6 74. Ra5 Kg7 75. Ra6 Kg6 76. Ra7 Rf7 77. Ra8 Kh7 78. Kf3 Re7 79. Ra5
Kg6 80. Ra6 Re6 81. b5 Kf7 82. bxc6 Ke7 83. c7 Rxa6 84. c8=Q Rf6 85. Kg3 Kf7
86. Kh4 Kg7 87. Kh5 Kf7 88. Qh8 Ke6 89. Qe8+ Kd6 90. Qe5+ Kd7 91. Qxf6 1-0

[Event "London Classic - FIDE Open"]
[Site "Olympia"]
[Date "2009.12.08"]
[Round "1"]
[White "Hamza Mohd Zuhri, Amier"]
[Black "Maduekwe, Chiedu"]
[Result "0-1"]
[WhiteElo "1730"]
[BlackElo "2182"]
[PlyCount "66"]
[EventDate "2009.??.??"]

1. d4 d5 2. c4 c6 3. Nc3 Nf6 4. e3 a6 5. Nf3 b5 6. cxb5 cxb5 7. Bd3 Bg4 8. O-O
e6 9. b3 Nc6 10. Bb2 Rc8 11. Rc1 Bd6 12. Qe2 O-O 13. a3 Qe7 14. a4 b4 15. Nb1
a5 16. Nbd2 Rc7 17. Rfe1 Rfc8 18. Ba6 Rb8 19. Rc2 Nxd4 20. Bxd4 Rxc2 21. Qd3
Rc7 22. Ne5 Bf5 23. Qe2 Nd7 24. Nxd7 Qxd7 25. Bb5 Qc8 26. e4 dxe4 27. Nxe4 Bxe4
28. Qxe4 Rc1 29. Rf1 Qc2 30. Bd3 Rxf1+ 31. Kxf1 Qd1+ 32. Qe1 Qxd3+ 33. Kg1 Qxd4
0-1

[Event "London Classic - FIDE Open"]
[Site "Olympia"]
[Date "2009.12.08"]
[Round "1"]
[White "Franklin, Michael J"]
[Black "Posylek, Caesar Cezary"]
[Result "1-0"]
[WhiteElo "2181"]
[BlackElo "1708"]
[PlyCount "21"]
[EventDate "2009.??.??"]

1. d4 d5 2. Nf3 Nf6 3. e3 Bg4 4. Nbd2 e6 5. c4 c5 6. cxd5 Nxd5 7. Qa4+ Nc6 8.
Ne5 Nb6 9. Nxc6 Nxa4 10. Nxd8 Rxd8 11. Bb5+ 1-0

[Event "London Classic - FIDE Open"]
[Site "Olympia"]
[Date "2009.12.08"]
[Round "1"]
[White "Sabin, Frank"]
[Black "Almond, Richard J"]
[Result "0-1"]
[WhiteElo "1690"]
[BlackElo "2174"]
[PlyCount "85"]
[EventDate "2009.??.??"]

1. d4 d5 2. c4 e6 3. Nc3 Nf6 4. Bg5 Be7 5. Nf3 O-O 6. e3 Nbd7 7. cxd5 exd5 8.
Bd3 Re8 9. O-O c6 10. Bc2 Ne4 11. Bf4 Ndf6 12. Nd2 Bd6 13. Bxd6 Qxd6 14. Ndxe4
dxe4 15. f3 exf3 16. Qxf3 Bg4 17. Qf2 Rad8 18. Rae1 Bh5 19. Qh4 Bg6 20. Bxg6
hxg6 21. Rf3 Kf8 22. Ref1 Rd7 23. g4 Qe6 24. h3 Kg8 25. Qf2 Qc4 26. Rf4 g5 27.
Rf5 Qd3 28. Re1 Ne4 29. Nxe4 Qxe4 30. Rf3 f6 31. Rf1 Rde7 32. Re1 Qxd4 33. Kg2
Qd5 34. b3 Rd7 35. Kg1 Qd3 36. e4 Qd4 37. Rfe3 Rde7 38. e5 fxe5 39. Kf1 Rf8 40.
Rf3 Rxf3 41. Qxf3 Rf7 42. Qxf7+ Kxf7 43. Kg2 0-1

[Event "London Classic - FIDE Open"]
[Site "Olympia"]
[Date "2009.12.08"]
[Round "1"]
[White "Friedland, Jon S"]
[Black "Bratteteig, Tore-Inge"]
[Result "1-0"]
[WhiteElo "2162"]
[BlackElo "1679"]
[PlyCount "87"]
[EventDate "2009.??.??"]

1. e4 e6 2. d4 d5 3. Nc3 Nf6 4. Bg5 Be7 5. e5 Nfd7 6. Bxe7 Qxe7 7. f4 c5 8. Nf3
Nc6 9. Qd2 cxd4 10. Nb5 O-O 11. Nbxd4 f6 12. exf6 Nxf6 13. O-O-O Ne4 14. Qe3
Nxd4 15. Rxd4 Bd7 16. Bd3 Qf6 17. g3 Nc5 18. Ne5 Nxd3+ 19. Rxd3 Rfd8 20. Re1
Be8 21. Ng4 Qf5 22. Qxe6+ Qxe6 23. Rxe6 Bd7 24. Rde3 Bxe6 25. Rxe6 Re8 26. Re5
Rxe5 27. Nxe5 Rd8 28. Kd2 g6 29. Kd3 Kg7 30. Kd4 Kf6 31. c3 Ke6 32. Ng4 b5 33.
Ne5 Rc8 34. a3 a5 35. Nf3 Rc4+ 36. Kd3 Rc7 37. Nd4+ Kf6 38. Nxb5 Re7 39. Kd2
Kf5 40. h3 Ke4 41. Ke2 Kf5+ 42. Kf2 a4 43. Kf3 Rb7 44. Nd6+ 1-0

[Event "London Classic - FIDE Open"]
[Site "Olympia"]
[Date "2009.12.08"]
[Round "1"]
[White "Lie, Terje"]
[Black "Quinn, John M"]
[Result "0-1"]
[WhiteElo "1666"]
[BlackElo "2161"]
[PlyCount "92"]
[EventDate "2009.??.??"]

1. d4 Nf6 2. c4 g6 3. Nc3 Bg7 4. Nf3 O-O 5. g3 d6 6. Bg2 Nc6 7. O-O a6 8. e3
Rb8 9. b3 b5 10. cxb5 axb5 11. Bb2 Bd7 12. Re1 b4 13. Ne2 Rb5 14. Nd2 e5 15.
Ne4 Nh5 16. a4 bxa3 17. Rxa3 Rb6 18. Bc3 f5 19. Nd2 e4 20. d5 Ne5 21. Bxe5 Bxe5
22. Nc4 Rb5 23. Nxe5 dxe5 24. Nc3 Rb6 25. Qd2 Qe7 26. Rea1 Rfb8 27. Qc2 Qc5 28.
Bf1 Nf6 29. Bc4 Kg7 30. Na4 Bxa4 31. bxa4 Nxd5 32. Qe2 Rb2 33. Qf1 Nb4 34. Rb3
Rxb3 35. Bxb3 Nd3 36. Qd1 f4 37. Qc2 Qb6 38. Bc4 fxe3 39. Bxd3 exd3 40. Qxd3
exf2+ 41. Kf1 Rf8 42. a5 Qc6 43. Ke2 e4 44. Qd4+ Kg8 45. Qb4 Qa6+ 46. Ke3 Qd3#
0-1

[Event "London Classic - FIDE Open"]
[Site "Olympia"]
[Date "2009.12.08"]
[Round "1"]
[White "Pedersen, Carsten"]
[Black "Andrews, Garth J"]
[Result "1-0"]
[WhiteElo "2155"]
[BlackElo "1650"]
[PlyCount "89"]
[EventDate "2009.??.??"]

1. e4 d6 2. d4 Nf6 3. Nc3 g6 4. g3 Bg7 5. Bg2 O-O 6. Nge2 Nc6 7. O-O e5 8. d5
Ne7 9. h3 Ne8 10. Kh2 f5 11. exf5 Bxf5 12. g4 Bd7 13. Ng3 Nf6 14. Nge4 Nxe4 15.
Nxe4 Kh8 16. c4 b6 17. Bg5 h6 18. Be3 g5 19. Qc2 Qe8 20. Ng3 Ng6 21. Be4 Nh4
22. f3 Qe7 23. Rac1 Rf4 24. Bxf4 gxf4 25. Nf5 Nxf5 26. gxf5 Bf6 27. Rg1 Bh4 28.
Rg6 Bg3+ 29. Kg2 Qh4 30. Rh1 Rg8 31. Rg4 Qf6 32. Rxg8+ Kxg8 33. b4 Qh4 34. Kf1
Qh5 35. Ke2 Qh4 36. c5 Bf2 37. cxd6 cxd6 38. Kd1 Bb5 39. Qc8+ Kf7 40. Qe6+ Kf8
41. Qxd6+ Kg8 42. Qg6+ Kf8 43. Qd6+ Kg8 44. Qb8+ Kh7 45. f6# 1-0

[Event "London Classic - FIDE Open"]
[Site "Olympia"]
[Date "2009.12.08"]
[Round "1"]
[White "Tenioso, Jaydee"]
[Black "Gavriel, Tryfon C"]
[Result "0-1"]
[WhiteElo "1861"]
[BlackElo "2153"]
[PlyCount "68"]
[EventDate "2009.??.??"]

1. d4 Nf6 2. Nf3 e6 3. Bg5 b6 4. e3 Bb7 5. Bd3 h6 6. Bh4 g5 7. Bg3 Nh5 8. Ne5
Nxg3 9. hxg3 d6 10. Nf3 Bg7 11. Nbd2 Nd7 12. c3 Qe7 13. Qe2 a6 14. a3 c5 15.
Be4 d5 16. Bd3 e5 17. dxe5 Nxe5 18. Nxe5 Bxe5 19. f4 Bg7 20. Nf3 Kd8 21. O-O-O
Kc7 22. Nh2 Rae8 23. Rde1 b5 24. Rhf1 Kb8 25. Rf2 c4 26. Bc2 a5 27. Nf3 b4 28.
Ba4 bxc3 29. Nd4 cxb2+ 30. Qxb2 Bxd4 31. Qxd4 Qxa3+ 32. Rb2 c3 33. Ree2 cxb2+
34. Rxb2 Qxe3+ 0-1

[Event "London Classic - FIDE Open"]
[Site "Olympia"]
[Date "2009.12.08"]
[Round "1"]
[White "Warman, Simon M"]
[Black "Campbell, Eoin"]
[Result "1-0"]
[WhiteElo "2153"]
[BlackElo "1910"]
[PlyCount "61"]
[EventDate "2009.??.??"]

1. e4 d6 2. d4 Nf6 3. Bd3 e5 4. Nf3 d5 5. dxe5 dxe4 6. exf6 exd3 7. fxg7 Qe7+
8. Be3 Bxg7 9. c3 O-O 10. Qxd3 Rd8 11. Qc2 Bh6 12. O-O Bxe3 13. Re1 Qd6 14.
Rxe3 Bg4 15. Nbd2 Nc6 16. Rae1 Qh6 17. Nc4 Bxf3 18. Rxf3 Re8 19. Rd1 Re6 20.
Rh3 Rae8 21. Ne3 Qg7 22. Kf1 Rg6 23. Qf5 Ree6 24. Rd7 Rg5 25. Rxh7 Qxh7 26.
Qxg5+ Rg6 27. Qf5 Ne5 28. Rd8+ Kg7 29. Qxe5+ Rf6 30. Ng4 Qb1+ 31. Ke2 1-0

[Event "London Classic - FIDE Open"]
[Site "Olympia"]
[Date "2009.12.08"]
[Round "1"]
[White "Aikhoje, Odion"]
[Black "Grieve, Michael"]
[Result "1-0"]
[WhiteElo "2252"]
[BlackElo "2000"]
[PlyCount "59"]
[EventDate "2009.??.??"]

1. Nf3 d5 2. d4 Bf5 3. c4 c6 4. Qb3 dxc4 5. Qxb7 Nd7 6. Nc3 Qc8 7. Qxc8+ Rxc8
8. e4 Bg4 9. Bxc4 Bxf3 10. gxf3 e6 11. Bf4 Nb6 12. Ba6 Rd8 13. O-O-O Nf6 14.
Bb7 Bb4 15. Bxc6+ Kf8 16. Kc2 Bxc3 17. bxc3 h6 18. Rb1 Rg8 19. Bc7 Ke7 20. e5
Nfd5 21. Bxd8+ Rxd8 22. Bxd5 Rxd5 23. a4 Ra5 24. Rb4 Nd5 25. Rb7+ Ke8 26. c4
Nb6 27. c5 Nc8 28. Kb3 Ne7 29. Rxe7+ Kxe7 30. Kb4 1-0

[Event "London Classic - FIDE Open"]
[Site "Olympia"]
[Date "2009.12.08"]
[Round "1"]
[White "Krawczyk, Andrzej"]
[Black "Miotti, David"]
[Result "1-0"]
[WhiteElo "2152"]
[BlackElo "1380"]
[PlyCount "57"]
[EventDate "2009.??.??"]

1. e4 c5 2. Nc3 d6 3. g3 g6 4. Bg2 Bg7 5. Nge2 Nc6 6. O-O Nf6 7. d3 Bd7 8. h3
Rb8 9. a4 a6 10. Be3 b5 11. axb5 axb5 12. Qd2 h5 13. f4 b4 14. Nd1 Qc8 15. Kh2
h4 16. g4 Bxg4 17. hxg4 Nxg4+ 18. Kh1 h3 19. Bf3 h2 20. c3 Rh3 21. Bg2 Rh4 22.
Bf2 bxc3 23. bxc3 Rh7 24. Ne3 Nxf2+ 25. Rxf2 Rb3 26. Nc4 Nb4 27. Na5 Rb2 28.
Qxb2 Nxd3 29. Qb5+ 1-0

[Event "London Classic - FIDE Open"]
[Site "Olympia"]
[Date "2009.12.09"]
[Round "2.1"]
[White "Sinanan, Joshua C"]
[Black "Hammer, Jon Ludvig"]
[Result "0-1"]
[WhiteElo "2249"]
[BlackElo "2588"]
[PlyCount "56"]
[EventDate "2009.??.??"]

1. Nf3 c5 2. c4 g6 3. Nc3 Bg7 4. g3 Nc6 5. Bg2 e6 6. O-O Nge7 7. a3 O-O 8. b4
Nxb4 9. axb4 cxb4 10. d4 bxc3 11. Ba3 d6 12. Qd3 Qc7 13. Qxc3 Rd8 14. Rfc1 b6
15. Rab1 Bb7 16. Qd3 Rac8 17. e4 Bh6 18. Nd2 Ba6 19. f4 d5 20. Bxe7 Qxe7 21.
Ra1 dxc4 22. Nxc4 e5 23. Rxa6 Rxd4 24. Qf1 Qc5 25. Kh1 Rxc4 26. Rxc4 Qxc4 27.
fxe5 Qd4 28. Ra1 Qxe5 0-1

[Event "London Classic - FIDE Open"]
[Site "Olympia"]
[Date "2009.12.09"]
[Round "2.2"]
[White "Anderton, Matthew N"]
[Black "Williams, Simon K"]
[Result "0-1"]
[WhiteElo "2232"]
[BlackElo "2550"]
[PlyCount "96"]
[EventDate "2009.??.??"]

1. e4 g6 2. d4 Bg7 3. Nc3 d6 4. Be3 a6 5. Qd2 Nd7 6. h4 h5 7. f3 b5 8. a4 b4 9.
Nd1 Rb8 10. a5 c5 11. Bc4 Qc7 12. b3 Ngf6 13. Ra4 cxd4 14. Bxd4 Bh6 15. Be3
Bxe3 16. Nxe3 Qc5 17. Ne2 Ne5 18. Qd4 Bd7 19. Ra1 Nxc4 20. Qxc5 dxc5 21. Nxc4
Bb5 22. Nb6 e6 23. c4 bxc3 24. Nxc3 Nd7 25. Nxb5 axb5 26. Ke2 Nxb6 27. axb6 O-O
28. Rhc1 Rfc8 29. Ra6 Rc6 30. e5 Kg7 31. Ke3 Rd8 32. Rc2 c4 33. bxc4 bxc4 34.
Ra4 Rd5 35. f4 Rd3+ 36. Ke4 Rxb6 37. Raxc4 Rbb3 38. Re2 Rg3 39. Ra4 Rg4 40.
Raa2 Rb4+ 41. Ke3 Rbxf4 42. g3 Rf5 43. Rg2 Rxe5+ 44. Kf3 Rb5 45. Ra3 Rgb4 46.
Re2 Rb3+ 47. Re3 Rxa3 48. Rxa3 f5 0-1

[Event "London Classic - FIDE Open"]
[Site "Olympia"]
[Date "2009.12.09"]
[Round "2.3"]
[White "Hebden, Mark L"]
[Black "Aikhoje, Odion"]
[Result "1-0"]
[WhiteElo "2522"]
[BlackElo "2252"]
[PlyCount "103"]
[EventDate "2009.??.??"]

1. d4 Nf6 2. Nf3 d5 3. c4 c6 4. e3 e6 5. Bd3 Nbd7 6. b3 Bb4+ 7. Bd2 Bd6 8. Bc3
Ne4 9. Bb2 f5 10. O-O Qf6 11. Nc3 O-O 12. Ne2 g5 13. Ng3 Nxg3 14. fxg3 g4 15.
Nd2 Qg5 16. Qe2 Nf6 17. a4 Bd7 18. Qf2 h5 19. Ba3 Bxa3 20. Rxa3 Ne4 21. Bxe4
fxe4 22. Qe1 e5 23. dxe5 Rxf1+ 24. Nxf1 Qxe5 25. Ra2 dxc4 26. bxc4 c5 27. a5
Be6 28. Qc1 Rd8 29. Rf2 b6 30. axb6 axb6 31. Qb1 Bxc4 32. Qxb6 Qd6 33. Qb2 Bd3
34. Rf5 Qh6 35. Qe5 Rf8 36. Rg5+ Kh7 37. Nd2 Qf6 38. Qxf6 Rxf6 39. Rxh5+ Kg6
40. Rxc5 Ra6 41. Nb3 Rf6 42. Rc1 Rb6 43. Nd4 Rb2 44. h4 Kf6 45. Rc6+ Kf7 46.
Nf5 Rb1+ 47. Kh2 Rb2 48. Nd4 Ra2 49. Rc5 Rb2 50. Rg5 Ke8 51. h5 Bf1 52. Kg1 1-0

[Event "London Classic - FIDE Open"]
[Site "Olympia"]
[Date "2009.12.09"]
[Round "2.5"]
[White "Taylor, Peter P"]
[Black "Arkell, Keith C"]
[Result "1/2-1/2"]
[WhiteElo "2221"]
[BlackElo "2464"]
[PlyCount "148"]
[EventDate "2009.??.??"]

1. c4 c5 2. Nf3 g6 3. e4 Bg7 4. d4 cxd4 5. Nxd4 Nc6 6. Be3 Nf6 7. Nc3 Ng4 8.
Qxg4 Bxd4 9. Bxd4 Nxd4 10. Qd1 Ne6 11. Qd2 Qc7 12. g3 g5 13. Be2 h5 14. O-O-O
Qe5 15. Rhf1 g4 16. f4 gxf3 17. Rxf3 Qg5 18. Qxg5 Nxg5 19. Rf5 f6 20. h4 Nf7
21. Rxh5 Rxh5 22. Bxh5 Kf8 23. Nd5 Ne5 24. c5 b6 25. cxb6 axb6 26. Nxb6 Rb8 27.
Nd5 Ba6 28. Nf4 Kg7 29. Be2 Bb7 30. Rd4 Bc6 31. Nd3 Nf7 32. Nb4 Ba8 33. a3 Nd6
34. Nd5 e5 35. Rd1 Nxe4 36. Nb4 d6 37. g4 Rc8+ 38. Kb1 Kf7 39. h5 Ke6 40. Rg1
Nd2+ 41. Ka2 Nf3 42. Rg3 Nd4 43. Bd1 Rc1 44. Bb3+ Nxb3 45. Kxb3 Rf1 46. a4 d5
47. a5 d4 48. g5 fxg5 49. Rxg5 Be4 50. a6 d3 51. Kc3 Kf6 52. Rg3 Rc1+ 53. Kd2
Ra1 54. h6 Bg6 55. Nxd3 Rxa6 56. Rf3+ Bf5 57. Nc5 Rd6+ 58. Ke3 Rd4 59. h7 Rh4
60. Nd7+ Kg6 61. Nf8+ Kg5 62. Rg3+ Kf6 63. Rg8 Bxh7 64. Rh8 Re4+ 65. Kd2 Bf5
66. Rh2 Ke7 67. Rf2 Bc8 68. Ng6+ Kd6 69. Rf6+ Kc5 70. Rf8 Be6 71. Re8 Bf7 72.
Rxe5+ Rxe5 73. Nxe5 Bd5 74. Nd3+ Kd4 1/2-1/2

[Event "London Classic - FIDE Open"]
[Site "Olympia"]
[Date "2009.12.09"]
[Round "2.6"]
[White "Summerscale, Aaron P"]
[Black "Coleman, David J"]
[Result "1/2-1/2"]
[WhiteElo "2449"]
[BlackElo "2244"]
[PlyCount "98"]
[EventDate "2009.??.??"]

1. Nf3 c5 2. c4 Nc6 3. g3 g6 4. Bg2 Bg7 5. Nc3 d6 6. O-O Qd7 7. Rb1 b6 8. e3
Bxc3 9. bxc3 e6 10. d3 Nge7 11. e4 Bb7 12. Bh6 f5 13. exf5 Nxf5 14. Bc1 O-O-O
15. Rb2 h6 16. Re1 g5 17. Nd2 Ne5 18. Ne4 Rdf8 19. Nxc5 dxc5 20. Bxb7+ Qxb7 21.
Rxe5 Rhg8 22. Rxc5+ Kb8 23. Qe2 Nh4 24. Qe4 Qxe4 25. dxe4 Rd8 26. gxh4 Rd1+ 27.
Kg2 gxh4+ 28. Kh3 Rxc1 29. Rc6 Rxc3+ 30. Kxh4 Rf3 31. Rxe6 Rf4+ 32. Kh3 Rf3+
33. Kh4 Rf4+ 34. Kh5 Rg5+ 35. Kxh6 Rg2 36. Rg6 Rxh2+ 37. Kg7 Rxe4 38. c5 Kc7
39. cxb6+ axb6 40. Rgxb6 Rxf2 41. Rb7+ Kc6 42. R7b6+ Kc7 43. Rb7+ Kc6 44. R2b6+
Kc5 45. Rb5+ Kc6 46. R7b6+ Kc7 47. Rb7+ Kc6 48. R7b6+ Kc7 49. Rb7+ Kc6 1/2-1/2